| 000 | 00000nam##2200000za#4500 |
| 001 | 9.627633 |
| 003 | CaOODSP |
| 005 | 20210615105256 |
| 007 | ta |
| 008 | 150406|2007||||xxc||||| f|0| 0 fre|d |
| 020 | |a978-0-662-07417-5 |
| 040 | |aCaOODSP|bfre |
| 043 | |an-cn--- |
| 086 | 1 |aH113-26/2007-6F |
| 110 | 1 |aCanada.|bSanté Canada. |bAgence de réglementation de la lutte antiparasitaire. |
| 245 | 10|aSouche QST 713 de Bacillus subtilis : |bSerenade MAX, Serenade ASO, Rhapsody ASO, Serenade Garden Concentrate, Serenade Garden Ready to Use |
| 260 | |bSanté Canada. |cLe 22 octobre 2007. |
| 300 | |a82p. : |bréférences, tableaux ; |c28 cm. |
| 490 | 1 |aRapport d'évaluation|vERC2007-06 |
| 520 | 3 |aLe lecteur trouvera dans ce rapport d’évaluation un résumé des renseignements examinés, les résultats de l’évaluation, la description des conditions nécessaires pour assurer que les risques pour la santé et l’environnement et que la valeur de ces produits antiparasitaires sont acceptables pour les utilisations prévues, et les motifs justifiant la décision d’accorder une homologation conditionnelle (avec un sommaire des renseignements scientifiques requis pour une confirmation). |
| 563 | |aPolycopié |
| 590 | |a07-48|b2007-11-30 |
| 691 | 07|aBactérie|2gcpds |
| 691 | 07|aFongicide|2gcpds |
| 775 | 08|tBacillus subtilis strain QST 713 : |w(CaOODSP)9.618520 |
| 776 | 0#|tSouche QST 713 de Bacillus subtilis : |w(CaOODSP)9.595246 |
| 830 | #0|aRapport d'évaluation ;|vERC2007-06|w(CaOODSP)9.513842 |